01171nab a22002177a 4500003000400000005001700004008004100021040000700062100002200069245012400091260007300215300001300288500002800301505030200329505008200631650001800713650002500731650002600756650002200782773014900804OSt20251219120442.0190429b xxu||||| |||| 00| 0 spa d cPJ aCrisafulli, Lucas10aDiez claves sobre los sistemas democráticos de control disciplinario de las fuerzas de seguridad /cLucas Crisafulli. cCiudad Autónoma de Buenos Aires :aThomson Reuters La Ley, b2025. ap. 31-41 aCita: AR/DOC/1341/2025. aSumario: I. Introducción.— II. Modelo.— III. Ubicación institucional.— IV. Regulación.— V. Destinatarios.— VI. Control patrimonial.— VII. Vinculación con el cumplimiento de los protocolos.— VIII. Sanciones.— IX. Vinculación con el proceso penal.— X. Sistema acusatorio. tSi te interesa el texto completo, solicitalo a koha@justierradelfuego.gov.ar  0aDERECHO PENAL 0aFUERZAS DE SEGURIDAD 0aREGIMEN DISCIPLINARIO 0aPOLITICA CRIMINAL0 02658tRevista de derecho penal y criminología. Nº 6 - Julio 2025dCiudad Autónoma de Buenos Aires : Thomson Reuters La Ley, 2017-x00347914